1688 1153 1874 1751 1967 1360 1440 1211 1593 1374 1055 1035 1244 1813 1918 1502 1333 1468 1796 1392 1258 1460 1743 1827 1867 1629 1604 1977 1661 1421 1918 1184 1579 1457 1872 1137 1601 1829 1268 1679 1856 1055 1973 1308 1822 1212 1653 1990 1049 1607 1295 1050 1342 1240 1535 1746 1227 1851 1834 1833 1889 1395 1442 1773 1831 1412 1125 1022 1342 1078 1181 1267 1625 1609 1276 1114 1486 1706 1893 1419 1859 1850 1293 1451 1134 1512 1353 1725 1897 1436 1775 1337 1059 1189 1522 1676 1438 1364 1396 BCNSPRNW ULIB Ver.6.0+V

เปลี่ยนเป็นภาษาไทย

Change to English
 แสดงรายละเอียดบรรณานุกรม
  กลับหน้าหลัก

Brief Record : Get Marc (ISO 2709) : E-mail record : QR code < ปิดหน้าต่าง
LEADER : 00000nam 2200000uu 4500
001    13399129103
003     ULIB
008    250717s2567||||th 000 0 tha d
020    ^a9786162628177
050 1  ^aTA347.A78 ^bก199ป
110 2  ^aกองบรรณาธิการซิมพลิฟาย.
245 1  ^aประยุกต์ใช้ AI ช่วยทำงานได้ด้วย CHATGPT /^cกองบรรณาธิการ, ปิยะ นากสงค์ ... [และคนอื่นๆ].
250    ^aพิมพ์ครั้งที่ 1.
260    ^aกรุงเทพฯ :^bรีไวว่า,^c2567.
300    ^a200 หน้า :^bภาพประกอบ ;^c21 ซม.
505 0  ^aรู้จักกับ Chat GPT -- การแชตผ่านข้อความ -- การแชตโดยมีรูปภาพประกอบ -- การแชตโดยมีเสียงประกอบ -- ประเภทของโมเดล AI เฉพาะด้าน (Explore GPTs) -- สร้าง GPT ส่วนตัว -- กลุ่มผู้ใช้งาน ChatGPT -- คำศัพท์ที่ควรรู้เกี่ยวกับ ChatGPT -- ถาม-ตอบ เรื่อง ChatGPT -- ข้อผิดพลาดที่เกิดขึ้นได้ใน ChatGPT -- แอป ChatGPT.
505 0  ^aรู้จักกับ ChatGPT -- การแชตผ่านข้อความ -- การแชตโดยมีรูปภาพประกอบ -- การแชตโดยมีเสียงประกอบ -- ประเภทโมเดล AI เฉพาะด้าน (Explore GPTs) -- สร้าง GPT ส่วนตัว -- กลุ่มผู้ใช้งาน ChatGPT -- คำศัพท์ที่ควรรู้เกี่ยวกับ ChatGPT -- ถาม-ตอบ เรื่อง ChatGPT -- ข้อผิดพลาดที่เกิดขึ้นได้ใน ChatGPT -- แอป ChatGPT
505 0  ^a ^tรู้จักกับ ChatGPT -- การแชตผ่านข้อความ -- การแชตโดยมีรูปภาพประกอบ -- การแชตโดยมีเสียงประกอบ -- ประเภทโมเดล AI เฉพาะด้าน (Explore GPTs) -- สร้าง GPT ส่วนตัว -- กลุ่มผู้ใช้งาน ChatGPT -- คำศัพท์ที่ควรรู้เกี่ยวกับ ChatGPT -- ถาม-ตอบ เรื่อง ChatGPT -- ข้อผิดพลาดที่เกิดขึ้นได้ใน ChatGPT -- แอป ChatGPT.
505 2  ^aสารบัญ : รู้จักกับ ChatGPT -- การแชตผ่านข้อความ -- การแชตโดยมีรูปภาพประกอบ -- การแชตโดยมีเสียงประกอบ -- ประเภทของโมเดล AI เฉพาะด้าน (Explore GPTs) -- สร้าง GPT ส่วนตัว -- กลุ่มผู้ใช้งาน ChatGPT -- คำศัพท์ที่ควรรู้เกี่ยวกับ ChatGPT -- ถาม-ตอบ เรื่อง ChatGPT -- ข้อผิดพลาดที่เกิดขึ้นได้ใน ChatGPT -- แอป ChatGPT
520    ^aaChat GPT ช่วยในการงานบริการลูกค้าที่มีบทบาทอย่างมากในงานขายและมาร์เก็ตติ้ง สามารถช่วยลดค่าใช้จ่ายและเพิ่มประสิทธิภาพในการทำธุรกิจไม่ว่าจะเป็น แนะนำสินค้า, Cross-selling and Upselling, เสนอสินค้าที่เกี่ยวข้อง, บริหารจัดการออเดอร์ที่รวดเร็ว สร้างความพึงพอใจให้กับลูกค้า ช่วยเขียนโค้ด, เขียนบทความ สร้างคอนเท้นต์ ช่วยเขียนคอนเท้นต์เกี่ยวกับงานเทรนนิ่งให้มีความน่าสนใจ และสร้างความรู้สึกที่ดีในการ onboard พนักงานใหม่ ทาง Amity Solutions ก็ได้ให้ความสำคัญกับประสบการณ์ที่ดีในที่ทำงานเช่นกัน จึงมีโปรแกรมแชทสำหรับองค์กรอย่าง AmityEko ไว้ให้บริการ สามารถ custom ได้ตามความเหมาะสมขององค์กร.
650  0 ^aChatGPT
650  4 ^aการประมวลผลภาษาธรรมชาติ (คอมพิวเตอร์)
650  7 ^aแชทจีพีที
650  7 ^aปัญญาประดิษฐ์
650  7 ^aปัญญาประดิษฐ์^xโปรแกรมคอมพิวเตอร์
700 0  ^aปิยะ นากสงค์,^eกองบรรณาธิการ.
945    ^p249^l0^i011860
999    ^aประนอม เกษจรัล
รายการนี้ยังไม่มีแท็ก
คุณยังไม่ได้ล็อกอิน คุณสามารถมีกิจกรรมร่วมกับเว็บไซต์ได้ แต่ต้องล็อกอินก่อน ::
  ล็อกอิน

รายการสื่อสารสนเทศ

ลำดับที่ ประเภท เลขเรียก/บาร์โค้ด สถานที่ สถานะ
1. การศึกษาทั่วไป
หนังสือสำรอง
สถานะ=หนังสือสำรอง
TA347.A78 ก199ป ฉ.1 
  Barcode: 011860
ห้องสมุดวิทยาเขตสวรรค์ประชารักษ์
►หนังสือทั่วไป
บนชั้น

รายการใกล้เคียง
    หัวเรื่อง [ChatGPT]
    หัวเรื่อง [แชทจีพีที]
    หัวเรื่อง [ปัญญาประดิษฐ์]

BibComment


ยังไม่เคยถูกคอมเมนท์

คอมเมนท์ทรัพยากรรายการนี้
  คอมเมนท์: ประยุกต์ใช้ AI ช..


 Copyright 2026. Bcnsprnw @Library